000 01088naa a2200301 c 4500
001 31208
003 ES-MaCES
005 19990622135100.0
008 990622n1999 fr 000 | fre d
035 _aCES19990001911v
040 _aES-MaCES
_bspa
_cES-MaCES
245 0 0 _aAu-delà de l'emploi
_b: transformations du travail et devenir du droit du travail en Europe
_csous la direction de Alain Supiot
650 4 _ainforme de experto
_928979
650 4 _adiscriminación por razones de sexo
_929521
650 4 _aintervención estatal
_929380
650 4 _anegociación colectiva
_928362
650 4 _ahoras de trabajo
_928335
650 4 _asector privado
_927147
650 4 _aderecho del trabajo
_927165
650 4 _aorganización del trabajo
_929209
650 4 _aempleo
_928299
653 1 0 _aRelaciones laborales-Empleo
700 1 _aSupiot, Alain
_edir.
_924578
773 0 _tPartage
_gnº 133 (mai 1999){10427 R. 030193}; p. 3-6
_w(ES-MaCES)25436
_957599
902 _aART Artículo de revista
942 _2CES
_cAR
_h2.0.
999 _c31208
_d31208